Süper Lig'de En Fazla Mücadele Etmiş Takımlar - Statistics

General Stats
  • This quiz has been taken 158 times
  • The average score is 14 of 20
Answer Stats
Sezon Takım Son Sezon % Correct
67 Beşiktaş 2024-25
100%
67 Fenerbahçe 2024-25
100%
67 Galatasaray 2024-25
100%
51 Trabzonspor 2024-25
93%
50 Bursaspor 2018-19
80%
54 Ankaragücü 2023-24
78%
31 Göztepe 2024-25
77%
32 Samsunspor 2024-25
70%
29 Antalyaspor 2024-25
69%
48 Gençlerbirliği 2020-21
69%
24 Konyaspor 2024-25
66%
23 Çaykur Rizespor 2024-25
64%
21 Adana Demirspor 2024-25
59%
42 Altay 2021-22
59%
30 Eskişehirspor 2015-16
58%
22 Adanaspor 2016-17
55%
21 Kasımpaşa 2024-25
52%
31 Gaziantepspor 2016-17
51%
25 İstanbulspor 2023-24
44%
21 Denizlispor 2020-21
33%
No matching quizzes found
Score Distribution
Percent of People with Each Score
Percentile by Number Answered
Your Score History
You have not taken this quiz